[Event "World Senior 65+ 2014"]
[Site "Katerini GRE"]
[Date "2014.11.04"]
[Round "11.45"]
[White "Zamahari, Abang Draup"]
[Black "Filzmaier, Bruno"]
[Result "0-1"]
[WhiteElo "1603"]
[BlackElo "1846"]
[WhiteFideId "5704057"]
[BlackFideId "1607685"]
[EventDate "2014.10.24"]

1. d4 e6 2. c4 d5 3. e3 Nf6 4. Nc3 a6 5. a3 c5 6. dxc5 Bxc5 7. b4 Be7 8. cxd5
exd5 9. h3 O-O 10. Nf3 Be6 11. Be2 Ne4 12. Nxe4 dxe4 13. Nd4 Bd5 14. Bb2 Bf6 15.
Rc1 Nc6 16. Ba1 Nxd4 17. Bxd4 Bc6 18. O-O Bxd4 19. Qxd4 Qxd4 20. exd4 Rfd8 21.
Rfd1 Rd6 22. Bc4 Kf8 23. d5 Rad8 24. Kh2 Bxd5 25. Bxd5 Rxd5 26. Rxd5 Rxd5 27.
Rc8+ Ke7 28. Rc7+ Rd7 29. Rc3 Ke6 30. Re3 f5 31. f3 Ke5 32. g3 Rd2+ 33. Kg1 Kd4
34. Rb3 b5 35. fxe4 fxe4 36. Kf1 Rd3 37. Rb1 Rxg3 38. Rd1+ Rd3 39. Ke2 Rxd1 40.
Kxd1 Ke3 41. Ke1 g5 42. Kf1 Kd2 0-1